000 01147cam a22002654a 4500
001 14290638
005 20130930150734.0
008 060307s2006 xxka b 101 0 eng
010 _a 2006007959
020 _a1845427734
020 _a9781845427733
082 0 0 _a337
_222
_bGLO
245 0 0 _aGlobal divergence in trade, money and policy /
_cedited by Volbert Alexander and Hans-Helmut Kotz.
260 _aCheltenham, UK ;
_aNorthampton, MA :
_bE. Elgar,
_c2006.
300 _a239 p. :
_bill. ;
_c24 cm.
500 _a"This book is a compliation of papers from a conference about 'Asymmetries in Trade and Currency Arrangements in the 21st Century' held as one of the main biennial conferences of the Athenian Policy Forum at Deutsche Bundesbank (Frankfurt, Germany) in July 2004."
504 _aIncludes bibliographical references and index.
650 0 _aInternational trade
_vCongresses.
_933816
650 0 _aForeign exchange
_vCongresses.
_933817
650 0 _aMonetary unions
_vCongresses.
_933818
653 _bEco
_cSeptember2013
700 1 _aAlexander, Volbert.
_933819
700 1 _aKotz, Hans-Helmut.
_933820
942 _2ddc
_cBB
999 _c17574
_d17546